| 000 | 00509nam a22001457a 4500 | ||
|---|---|---|---|
| 008 | 160504b xxu||||| |||| 00| 0 eng d | ||
| 082 |
_a708.972.86 _bV199v |
||
| 100 |
_aKaren Clachar _94609 |
||
| 110 |
_aValoarte _94914 |
||
| 245 |
_aValoarte _bArte + mercado + obra social _cSolis, Jose Pablo; Rozina Cazali; Clachar, Karen. |
||
| 260 |
_aSan Jose _bValoarte _c2012 |
||
| 300 |
_aunpaged _bcol. _c24 cm |
||
| 650 |
_aArte- Mercado _vArte moderno _xArtistas Costa Rica _zCosta Rica _94915 |
||
| 710 |
_aValoarte. _94916 |
||
| 999 |
_c893 _d893 |
||